ARRUPE JESUIT UNIVERSITY

CORONAVIRUS -STOP THE SPREAD - CLEAN,DISINFECT,COVER

The Christian renaissance (Record no. 125652)

MARC details
000 -LEADER
fixed length control field 01032cam a22003011 4500
001 - CONTROL NUMBER
control field 9378670
003 - CONTROL NUMBER IDENTIFIER
control field ARRUPE
005 - DATE AND TIME OF LATEST TRANSACTION
control field 20161102123155.0
008 - FIXED-LENGTH DATA ELEMENTS--GENERAL INFORMATION
fixed length control field 760623s1962 enk 000 0 eng
010 ## - LIBRARY OF CONGRESS CONTROL NUMBER
LC control number 62053420
015 ## - NATIONAL BIBLIOGRAPHY NUMBER
National bibliography number GB62-3610
035 ## - SYSTEM CONTROL NUMBER
System control number (OCoLC)2277122
040 ## - CATALOGING SOURCE
Original cataloging agency DLC
Transcribing agency OCU
Modifying agency OCoLC
-- Uk
-- DLC
050 00 - LIBRARY OF CONGRESS CALL NUMBER
Classification number PN49
Item number .K6
300 ## - PHYSICAL DESCRIPTION
Dimensions 23 cm.
100 1# - MAIN ENTRY--PERSONAL NAME
Personal name Knight, George Wilson,
9 (RLIN) 27226
245 14 - TITLE STATEMENT
Title The Christian renaissance
Remainder of title :with interpretations of Dante, Shakespeare, and Goethe and new discussions of Oscar Wilde and the Gospel of Thomas.
Statement of responsibility, etc /George Wilson Knight
250 ## - EDITION STATEMENT
Edition statement Rev. ed.
260 ## - PUBLICATION, DISTRIBUTION, ETC. (IMPRINT)
Place of publication, distribution, etc London,
Name of publisher, distributor, etc Methuen
Date of publication, distribution, etc 1962
300 ## - PHYSICAL DESCRIPTION
Extent x, 356 p.
600 00 - SUBJECT ADDED ENTRY--PERSONAL NAME
Personal name Dante
General subdivision Criticism
9 (RLIN) 27227
600 10 - SUBJECT ADDED ENTRY--PERSONAL NAME
Personal name Shakespeare, William,
General subdivision Religion.
9 (RLIN) 27228
600 10 - SUBJECT ADDED ENTRY--PERSONAL NAME
Personal name Goethe, Johann Wolfgang von,
General subdivision Criticism
9 (RLIN) 27229
600 10 - SUBJECT ADDED ENTRY--PERSONAL NAME
Personal name Wilde, Oscar,
9 (RLIN) 27230
650 #0 - SUBJECT ADDED ENTRY--TOPICAL TERM
Topical term or geographic name as entry element Religion in poetry
9 (RLIN) 27231
650 #0 - SUBJECT ADDED ENTRY--TOPICAL TERM
Topical term or geographic name as entry element Bible as literature.
9 (RLIN) 27232
906 ## - LOCAL DATA ELEMENT F, LDF (RLIN)
a 7
b cbc
c oclcrpl
d u
e ncip
f 19
g y-gencatlg
942 ## - ADDED ENTRY ELEMENTS (KOHA)
Source of classification or shelving scheme Library of Congress Classification
Koha item type Monograph ( Printed materials)
Holdings
Withdrawn status Lost status Source of classification or shelving scheme Damaged status Not for loan Collection code Home library Current library Shelving location Date acquired Total Checkouts Full call number Barcode Date last seen Price effective from Koha item type
    Library of Congress Classification     Main Collection ARRUPE LIBRARY ARRUPE LIBRARY Main Collection 02/11/2016   PN49 .K6 46500010038 27/03/2019 02/11/2016 Monograph ( Printed materials)

 

Arrupe Library. PO Box MP320 Mt Pleasant, Harare, Zimbabwe
263 242 745411|librarian@aju.ac.zw